CORN!!!!!!!!!!!!!! - Statistics

General Stats
  • This quiz has been taken 6,554 times
    274 since last reset
  • The average score is 14 of 15
Answer Stats
Hint Answer % Correct
Can you put an exclamation mark after that please? CORN!/ !
100%
Do you like CORN? Yes/ No/ Corn
100%
What's the answer to this question? CORN
99%
What's my favorite food? CORN!
99%
What's YOUR favorite food? CORN!
99%
How do you spell CORN? CORN
99%
Can you type CORN? CORN?
99%
I meant for the next question please? CORN?
99%
How fast can you type CORN? CORN?
99%
What's Jeff Goldblum's favorite food? CORN!
99%
What's Donald Trump's favorite food? CORN!
99%
What's Ariana Grande's favorite food? CORN!
99%
What Dolly Parton's favorite food? CORN!
99%
How many answers does this answer have? One/ Corn
99%
What's Scarlett Johansson's favorite food? Is it Corn?
6%
No matching quizzes found
Score Distribution
Percent of People with Each Score
Percentile by Number Answered
Your Score History
You have not taken this quiz since the last reset